[Event "DVM U20w 2014"]
[Site "Naumburg (Saale) GER"]
[Date "2014.12.29"]
[Round "6"]
[White "Düssler, Stefanie"]
[Black "Wilke, Tabea"]
[Result "1/2-1/2"]
[Termination "normal"]
[Board "1.1"]
[WhiteElo "2094"]
[BlackElo "1722"]
[WhiteClock "00:04:05"]
[BlackClock "00:13:03"]
[WhiteTeam "SK Lehrte"]
[BlackTeam "SC 1979 Hattersheim"]
[PlyCount "137"]
[WhiteFideId "4634780"]
[BlackFideId "12910015"]
[EventCountry "GER"]
[EventRounds "7"]
[EventType "team-swiss"]
[EventDate "2014.12.26"]

1. e4 e5 2. Nf3 Nf6 3. Nxe5 Nxe4 4. d3 Nf6 5. d4 d6 6. Nf3 Be7 7. Bd3 O-O 8. c4
c6 9. h3 Re8 10. O-O Nbd7 11. Nc3 d5 12. c5 Nf8 13. b4 Ng6 14. a4 a6 15. Be3
Be6 16. Qc2 Qc7 17. Ng5 Bd7 18. Rab1 Nh5 19. Ne2 Qd8 20. Nf3 Nf6 21. Ne5 Qc8
22. Rb2 Bf8 23. f4 Qc7 24. Bf2 Ne7 25. Bh4 Ne4 26. Rfb1 Nf5 27. Be1 Ne3 28. Qc1
Nf5 29. g4 Nh6 30. Ng3 Nxg3 31. Bxg3 f6 32. Nf3 Qc8 33. Kg2 Nf7 34. Qc2 g6 35.
Nh4 Bg7 36. f5 g5 37. Nf3 h6 38. Qb3 Qd8 39. b5 axb5 40. axb5 Re3 41. Bf2 Re8
42. b6 Ra5 43. Ra2 Rxa2 44. Qxa2 Qa8 45. Qa7 Qb8 46. Bg3 Qc8 47. Re1 Rxe1 48.
Nxe1 Nd8 49. Bc7 Nf7 50. Kf2 Ne5 51. dxe5 fxe5 52. Qb8 Qxb8 53. Bxb8 e4 54. Bb1
Bd4+ 55. Ke2 Bxc5 56. Bc7 Kf7 57. Ng2 Ke7 58. Ne3 Be8 59. Ba2 Bf7 60. Nf1 Bd6
61. Ng3 Bxc7 62. bxc7 Kd7 63. c8=Q+ Kxc8 64. Nxe4 Kc7 65. Nd2 b6 66. Kd3 c5 67.
Nf1 Kd6 68. Nd2 Ke5 69. Nc4+ 1/2-1/2

[Event "DVM U20w 2014"]
[Site "Naumburg (Saale) GER"]
[Date "2014.12.29"]
[Round "6"]
[White "Rosmanitz, Anna"]
[Black "Schulze, Lara"]
[Result "0-1"]
[Termination "normal"]
[Board "1.2"]
[WhiteElo "1601"]
[BlackElo "1662"]
[WhiteClock "00:01:29"]
[BlackClock "00:47:43"]
[WhiteTeam "SC 1979 Hattersheim"]
[BlackTeam "SK Lehrte"]
[PlyCount "78"]
[WhiteFideId "12910058"]
[BlackFideId "12956830"]
[EventCountry "GER"]
[EventRounds "7"]
[EventType "team-swiss"]
[EventDate "2014.12.26"]

1. e4 c5 2. Nc3 Nc6 3. Bb5 Nd4 4. Bc4 g6 5. f4 Bg7 6. d3 e6 7. Bb3 Ne7 8. Nf3
O-O 9. O-O d5 10. Ne2 Nec6 11. c3 Nxf3+ 12. Rxf3 a6 13. Be3 d4 14. cxd4 Nxd4
15. Bxd4 Bxd4+ 16. Nxd4 Qxd4+ 17. Kh1 Qxb2 18. Rc1 Qd4 19. Rc4 Qd6 20. e5 Qe7
21. Qc1 b6 22. a4 Bb7 23. Rf1 a5 24. Rd1 Rfd8 25. d4 Ba6 26. Rc2 cxd4 27. Rcd2
Qb4 28. Bc2 Rac8 29. Qa1 Rc3 30. Rb1 Ra3 31. Qb2 Qxd2 32. Qxa3 Qxc2 33. Rc1 Qd2
34. h3 Bb7 35. Rg1 Qb4 36. Qa1 d3 37. Rd1 Qe4 38. Qb2 d2 39. Rxd2 Qe1+ 0-1

[Event "DVM U20w 2014"]
[Site "Naumburg (Saale) GER"]
[Date "2014.12.29"]
[Round "6"]
[White "Böhm, Jana"]
[Black "Neisius, Laura"]
[Result "1-0"]
[Termination "normal"]
[Board "1.3"]
[WhiteElo "1827"]
[BlackElo "1372"]
[WhiteClock "00:42:04"]
[BlackClock "00:03:57"]
[WhiteTeam "SK Lehrte"]
[BlackTeam "SC 1979 Hattersheim"]
[PlyCount "75"]
[WhiteFideId "24661589"]
[BlackFideId "12910040"]
[EventCountry "GER"]
[EventRounds "7"]
[EventType "team-swiss"]
[EventDate "2014.12.26"]

1. e4 d5 2. exd5 Qxd5 3. Nc3 Qa5 4. d4 c6 5. Bc4 Bf5 6. Nf3 e6 7. Bd2 Nf6 8.
Nh4 Bg6 9. Nxg6 hxg6 10. Qe2 Nbd7 11. O-O-O b5 12. Nxb5 Qb6 13. Nc3 a5 14. Bf4
a4 15. d5 cxd5 16. Bxd5 Ra5 17. Bc4 Bb4 18. Nb5 Rh5 19. Bc7 Qc5 20. Bxa5 Bxa5
21. Nd6+ Ke7 22. Nxf7 Ne5 23. Nxe5 Rxe5 24. Qd3 Kf7 25. Qd4 Qc7 26. Qd6 Qc5 27.
Bxe6+ Ke8 28. Qxc5 Rxc5 29. Rd4 Ke7 30. Bg4 Rb5 31. Rxa4 Bb4 32. Ra7+ Ke8 33.
Bf3 Re5 34. c3 Be7 35. Kd2 Ne4+ 36. Bxe4 Rxe4 37. Rxe7+ Kxe7 38. Re1 1-0

[Event "DVM U20w 2014"]
[Site "Naumburg (Saale) GER"]
[Date "2014.12.29"]
[Round "6"]
[White "Goldhausen, Nina"]
[Black "Manusina, Nicole"]
[Result "0-1"]
[Termination "normal"]
[Board "1.4"]
[WhiteElo "1179"]
[BlackElo "1869"]
[WhiteClock "00:16:54"]
[BlackClock "00:55:59"]
[WhiteTeam "SC 1979 Hattersheim"]
[BlackTeam "SK Lehrte"]
[PlyCount "48"]
[WhiteFideId "12927309"]
[BlackFideId "24657514"]
[EventCountry "GER"]
[EventRounds "7"]
[EventType "team-swiss"]
[EventDate "2014.12.26"]

1. c4 c5 2. Nc3 Nc6 3. g3 g6 4. Nf3 Bg7 5. Bg2 e5 6. O-O Nge7 7. d3 O-O 8. Bd2
d6 9. Qc1 Nd4 10. Nxd4 cxd4 11. Nd5 Nxd5 12. Bxd5 Qb6 13. Re1 Bf5 14. Qc2 Rac8
15. b3 Rfe8 16. Rac1 Be6 17. Bxe6 Rxe6 18. Qb2 e4 19. dxe4 Rxe4 20. Qc2 Rce8
21. Kf1 Qc6 22. f3 Rxe2 23. Rxe2 Qxf3+ 24. Kg1 Rxe2 0-1

[Event "DVM U20w 2014"]
[Site "Naumburg (Saale) GER"]
[Date "2014.12.29"]
[Round "6"]
[White "Reck, Jessica"]
[Black "Kuckling, Hannah"]
[Result "0-1"]
[Termination "normal"]
[Board "2.1"]
[WhiteElo "1638"]
[BlackElo "1950"]
[WhiteClock "00:04:29"]
[BlackClock "00:11:42"]
[WhiteTeam "Leegebrucher Schachfreunde"]
[BlackTeam "SK Blauer Springer Paderborn"]
[PlyCount "66"]
[WhiteFideId "12917931"]
[BlackFideId "24603660"]
[EventCountry "GER"]
[EventRounds "7"]
[EventType "team-swiss"]
[EventDate "2014.12.26"]

1. d4 c5 2. d5 Nf6 3. c4 e5 4. Nc3 d6 5. g3 Be7 6. Bg2 Nbd7 7. e4 O-O 8. Nf3
Re8 9. O-O Nf8 10. Ne1 Ng6 11. Nd3 h6 12. h3 Nh7 13. f4 exf4 14. Bxf4 Bg5 15.
Qf3 Bxf4 16. Nxf4 Ng5 17. Qh5 Ne5 18. Kh2 Nxc4 19. Qe2 Ne5 20. Nh5 Bd7 21. Rf2
Qc8 22. Nf4 a6 23. Qf1 b5 24. Kh1 b4 25. Nce2 Bb5 26. h4 Nh7 27. Bh3 Qc7 28.
Qg2 Nf6 29. Re1 Nfg4 30. Bxg4 Nxg4 31. Rf3 Rxe4 32. Qg1 Rae8 33. Qf1 Qe7 0-1

[Event "DVM U20w 2014"]
[Site "Naumburg (Saale) GER"]
[Date "2014.12.29"]
[Round "6"]
[White "Walow, Xenia"]
[Black "Wagner, Swenja"]
[Result "1/2-1/2"]
[Termination "normal"]
[Board "2.4"]
[WhiteElo "1445"]
[BlackElo "1588"]
[WhiteTeam "SK Blauer Springer Paderborn"]
[BlackTeam "Leegebrucher Schachfreunde"]
[PlyCount "62"]
[WhiteFideId "12971839"]
[BlackFideId "12900494"]
[EventCountry "GER"]
[EventRounds "7"]
[EventType "team-swiss"]
[EventDate "2014.12.26"]

1. d4 d5 2. Nf3 Nf6 3. Bf4 e6 4. e3 c5 5. c3 Nc6 6. Bd3 Bd6 7. Bg3 O-O 8. Nbd2
b6 9. Ne5 Qc7 10. f4 Bb7 11. Bh4 Be7 12. g4 Ne4 13. g5 Nd6 14. Rg1 g6 15. Bf2
Rfe8 16. h4 Nxe5 17. dxe5 Nf5 18. h5 c4 19. Bxf5 exf5 20. hxg6 fxg6 21. Nf3 Bc5
22. Nd4 Bxd4 23. exd4 b5 24. Qe2 Re7 25. Rg3 a6 26. Re3 Rae8 27. Bg3 Re6 28.
Kf2 Ra8 29. Rc1 Qa5 30. Ra1 Qc7 31. Rc1 Rae8 1/2-1/2

[Event "DVM U20w 2014"]
[Site "Naumburg (Saale) GER"]
[Date "2014.12.29"]
[Round "6"]
[White "Lagunow, Elina"]
[Black "Spangenberg, Romy"]
[Result "1/2-1/2"]
[Termination "normal"]
[Board "3.1"]
[WhiteElo "1698"]
[BlackElo "1806"]
[WhiteTeam "BSV 63 Chemie Weißensee"]
[BlackTeam "Chemnitzer SC Aufbau`95"]
[PlyCount "61"]
[WhiteFideId "4673387"]
[BlackFideId "4627997"]
[EventCountry "GER"]
[EventRounds "7"]
[EventType "team-swiss"]
[EventDate "2014.12.26"]

1. Nf3 Nf6 2. g3 g6 3. Bg2 Bg7 4. O-O O-O 5. c4 d5 6. d4 dxc4 7. Qa4 Nbd7 8.
Qxc4 Nb6 9. Qb3 c6 10. Nc3 Be6 11. Qc2 Qc8 12. e4 Bh3 13. a4 Bxg2 14. Kxg2 e6
15. a5 Nbd7 16. b4 b6 17. Ba3 Re8 18. e5 Nd5 19. Ne4 Bf8 20. Qa4 b5 21. Qb3 f5
22. exf6 N7xf6 23. Nc5 Bxc5 24. dxc5 e5 25. Bb2 Qe6 26. Kg1 e4 27. Ne5 Ng4 28.
Nxg4 Qxg4 29. Bd4 Qf3 30. Qb2 Nf4 31. gxf4 1/2-1/2

[Event "DVM U20w 2014"]
[Site "Naumburg (Saale) GER"]
[Date "2014.12.29"]
[Round "6"]
[White "Nitzsche, Pia"]
[Black "Koch, Elisabeth"]
[Result "1-0"]
[Termination "normal"]
[Board "3.2"]
[WhiteElo "1702"]
[BlackElo "1650"]
[WhiteTeam "Chemnitzer SC Aufbau`95"]
[BlackTeam "BSV 63 Chemie Weißensee"]
[PlyCount "79"]
[WhiteFideId "12900370"]
[BlackFideId "24695068"]
[EventCountry "GER"]
[EventRounds "7"]
[EventType "team-swiss"]
[EventDate "2014.12.26"]

1. c4  e5 2. g3 Nf6 3. Nc3 c6 4. Bg2 d5 5. cxd5 cxd5 6. d3 Be6 7. Nf3 Nc6 8.
O-O Bc5 9. a3 h6 10. b4 Bd6 11. Nd2 Rc8 12. Bb2 Qd7 13. Re1 O-O 14. Nb3 Ne7 15.
Rc1 Bh3 16. Bh1 Bb8 17. Nc5 Qf5 18. e4 dxe4 19. dxe4 Qg6 20. Nxb7 Ng4 21. Bf3
h5 22. Qe2 a6 23. Nc5 Ba7 24. Nd1 Nc6 25. Ne3 Nf6 26. Nd5 Rfe8 27. Nxf6+ Qxf6
28. Bxh5 Kh7 29. Qf3 Qg5 30. g4 g6 31. Qxf7+ Kh8 32. Qxg6 Rg8 33. Qxg5 Rxg5 34.
Kh1 Rcg8 35. Rg1 Bxg4 36. Bxg4 Rxg4 37. Rxg4 Rxg4 38. Nd3 Nd4 39. Nxe5 Rxe4 40.
Rc8+ 1-0

[Event "DVM U20w 2014"]
[Site "Naumburg (Saale) GER"]
[Date "2014.12.29"]
[Round "6"]
[White "Greßmann, Hanna"]
[Black "Hartewig, Anja"]
[Result "1/2-1/2"]
[Termination "normal"]
[Board "3.3"]
[WhiteElo "1691"]
[BlackElo "1806"]
[WhiteTeam "BSV 63 Chemie Weißensee"]
[BlackTeam "Chemnitzer SC Aufbau`95"]
[PlyCount "99"]
[WhiteFideId "12930709"]
[BlackFideId "12917966"]
[EventCountry "GER"]
[EventRounds "7"]
[EventType "team-swiss"]
[EventDate "2014.12.26"]

1. d4 Nf6 2. Nd2 d5 3. Ngf3 g6 4. e3 Bg7 5. Bd3 O-O 6. O-O Nbd7 7. e4 dxe4 8.
Nxe4 Nxe4 9. Bxe4 Nf6 10. Bd3 Bg4 11. c3 c5 12. dxc5 Qc7 13. h3 Be6 14. Be3 Nd7
15. Nd4 Nxc5 16. Nxe6 Nxe6 17. Qf3 Rad8 18. Rad1 b6 19. Bb5 Nc5 20. Rfe1 Ne6
21. Qc6 Rxd1 22. Rxd1 Rd8 23. Rxd8+ Qxd8 24. Qd7 Qxd7 25. Bxd7 Nc7 26. a4 Nd5
27. Bc1 Kf8 28. Bg4 e6 29. Kf1 Ke7 30. Ke2 Kd6 31. c4 Nc7 32. Kd3 Na6 33. b3 f5
34. Bd1 e5 35. f3 e4+ 36. fxe4 Nc5+ 37. Ke2 Nxe4 38. Bc2 Kc5 39. Ba3+ Kd4 40.
Bb2+ Nc3+ 41. Kf3 Bh6 42. Ba3 Ne4 43. Bb2+ Nc3 44. g4 fxg4+ 45. hxg4 Bd2 46.
Ba3 Na2 47. Bb2+ Nc3 48. Be4 Kc5 49. Ba3+ Kd4 50. Bb2 1/2-1/2

[Event "DVM U20w 2014"]
[Site "Naumburg (Saale) GER"]
[Date "2014.12.29"]
[Round "6"]
[White "Fischer, Franziska"]
[Black "Lange, Cecilia"]
[Result "1-0"]
[Termination "normal"]
[Board "3.4"]
[WhiteElo "1764"]
[BlackElo "1582"]
[WhiteTeam "Chemnitzer SC Aufbau`95"]
[BlackTeam "BSV 63 Chemie Weißensee"]
[PlyCount "119"]
[WhiteFideId "12924199"]
[BlackFideId "12976040"]
[EventCountry "GER"]
[EventRounds "7"]
[EventType "team-swiss"]
[EventDate "2014.12.26"]

1. d4 d5 2. e3 Nf6 3. Bd3 e6 4. f4 c5 5. c3 c4 6. Bc2 Ne4 7. Nf3 Nd7 8. O-O Be7
9. Nbd2 Nxd2 10. Bxd2 Nf6 11. Ne5 Ne4 12. Be1 f6 13. Qh5+ g6 14. Nxg6 hxg6 15.
Qxh8+ Kd7 16. Qxd8+ Kxd8 17. Rf3 Bd7 18. Rh3 Kc7 19. Bg3 f5 20. Bxe4 dxe4 21.
Rd1 Kc6 22. Rh7 Bd6 23. Bh4 Rg8 24. Bf6 b5 25. Rg7 Rxg7 26. Bxg7 Be7 27. g3 a5
28. Rc1 Kd5 29. Kg2 Be8 30. h3 g5 31. Bh6 gxf4 32. Bxf4 Bh5 33. Kf2 b4 34. cxb4
axb4 35. Ke1 c3 36. bxc3 bxc3 37. a4 Bd8 38. Rxc3 Ba5 39. Kd2 Bxc3+ 40. Kxc3
Kc6 41. Kb4 Kb6 42. a5+ Kc6 43. a6 Kb6 44. a7 Kxa7 45. Kc5 Kb7 46. Kd6 Kc8 47.
Kxe6 Kd8 48. Kxf5 Ke7 49. Kxe4 Ke6 50. d5+ Kd7 51. Ke5 Kd8 52. g4 Bf7 53. h4
Ke7 54. d6+ Kd7 55. Kf6 Be6 56. g5 Bg4 57. g6 Ke8 58. e4 Kd7 59. g7 Be6 60. h5
1-0

[Event "DVM U20w 2014"]
[Site "Naumburg (Saale) GER"]
[Date "2014.12.29"]
[Round "6"]
[White "Wiesner, Paula"]
[Black "Peters, Theresa"]
[Result "1-0"]
[Termination "normal"]
[Board "4.1"]
[WhiteElo "1902"]
[BlackElo "1616"]
[WhiteTeam "Karlsruher SF 1853"]
[BlackTeam "SV 1919 Grimma"]
[PlyCount "113"]
[WhiteFideId "24654019"]
[BlackFideId "12952192"]
[EventCountry "GER"]
[EventRounds "7"]
[EventType "team-swiss"]
[EventDate "2014.12.26"]

1. d4 Nf6 2. c4 g6 3. Nc3 Bg7 4. e4 d6 5. Be2 O-O 6. Bg5 h6 7. Be3 e5 8. d5 Kh7
9. Qd2 Na6 10. f3 Nc5 11. O-O-O Nh5 12. g4 Nf4 13. h4 Ng2 14. Bf2 a6 15. Nh3
Bd7 16. Rhg1 Nf4 17. Nxf4 exf4 18. Qxf4 Be5 19. Qd2 b5 20. Bd4 b4 21. Nb1 a5
22. Qe3 Qe7 23. Nd2 Rfe8 24. Nb3 Ba4 25. Bxe5 Bxb3 26. Bxd6 cxd6 27. axb3 a4
28. bxa4 Rxa4 29. Kc2 Ra2 30. Qd4 Na4 31. Rb1 Nc3 32. Rbe1 Na4 33. Rd1 b3+ 34.
Kd3 Nxb2+ 35. Ke3 Qb7 36. Rb1 Na4 37. Rgc1 b2 38. Rc2 Qb3+ 39. Bd3 Rb8 40. h5
Ra3 41. hxg6+ fxg6 42. Rh2 Qc3 43. Qa7+ Kg8 44. Qxb8+ Kg7 45. Qa7+ Kg8 46. Qd4
Qc1+ 47. Kf2 Qd2+ 48. Kg3 Qxd3 49. Qxd3 Rxd3 50. Rbxb2 Nxb2 51. Rxb2 Rc3 52.
Rb6 Rxc4 53. Rxd6 Kf7 54. Kf4 Rc3 55. Rc6 g5+ 56. Ke5 Rxf3 57. Rxh6 1-0

[Event "DVM U20w 2014"]
[Site "Naumburg (Saale) GER"]
[Date "2014.12.29"]
[Round "6"]
[White "Neumann, Isabel"]
[Black "Mangei, Jasmin"]
[Result "0-1"]
[Termination "normal"]
[Board "4.2"]
[WhiteElo "1626"]
[BlackElo "1804"]
[WhiteTeam "SV 1919 Grimma"]
[BlackTeam "Karlsruher SF 1853"]
[PlyCount "82"]
[WhiteFideId "12964468"]
[BlackFideId "12951803"]
[EventCountry "GER"]
[EventRounds "7"]
[EventType "team-swiss"]
[EventDate "2014.12.26"]

1. d4  d5  2. Nf3 Nf6 3. c4 e6 4. g3 Be7 5. Bg2 O-O 6. Qc2 Nbd7 7. O-O c6 8. b3
Re8 9. Bb2 dxc4 10. Qxc4 Nb6 11. Qc2 Qc7 12. e4 Bd7 13. Nbd2 Rac8 14. Rac1 Qd8
15. Qb1 c5 16. e5 Nfd5 17. Ne4 Bb5 18. Rfd1 c4 19. Nfd2 cxb3 20. Nxb3 Nc4 21.
Bf1 Qb6 22. Nec5 Nxb2 23. Qxb2 Bxf1 24. Rxf1 Bxc5 25. dxc5 Qb5 26. Qd4 Nb4 27.
Qa1 Nd3 28. Nd4 Qa6 29. Nb3 Nxc1 30. Rxc1 Red8 31. Rd1 Rxd1+ 32. Qxd1 Qxa2 33.
Qd7 Qb1+ 34. Kg2 Qe4+ 35. Kg1 Qc6 36. Qd6 Qb5 37. Qd1 a5 38. Qf3 a4 39. Nd2
Rxc5 40. Ne4 Rc1+ 41. Kg2 Qf1# 0-1

[Event "DVM U20w 2014"]
[Site "Naumburg (Saale) GER"]
[Date "2014.12.29"]
[Round "6"]
[White "Henke, Hanna"]
[Black "Könze, Heike"]
[Result "0-1"]
[Termination "normal"]
[Board "4.3"]
[WhiteElo "1277"]
[BlackElo "1561"]
[WhiteTeam "Karlsruher SF 1853"]
[BlackTeam "SV 1919 Grimma"]
[PlyCount "138"]
[WhiteFideId "12964441"]
[BlackFideId "12964476"]
[EventCountry "GER"]
[EventRounds "7"]
[EventType "team-swiss"]
[EventDate "2014.12.26"]

1. e4 c5 2. Nf3 d6 3. d4 cxd4 4. Nxd4 Nf6 5. Nc3 a6 6. f3 e5 7. Nb3 Be6 8. Be3
Be7 9. Qd2 Nbd7 10. g4 b5 11. g5 Ng8 12. O-O-O h6 13. gxh6 Nxh6 14. Rg1 Bf8 15.
Nd5 Rc8 16. Bg5 f6 17. Be3 g5 18. Na5 Bxd5 19. exd5 Qc7 20. Nc6 Nb8 21. Bh3 f5
22. Rxg5 Nf7 23. Bxf5 Nxg5 24. Bxc8 Nxf3 25. Qd3 Nh4 26. Bf5 Nxc6 27. dxc6 Qxc6
28. Bg6+ Kd8 29. Be4 Qc7 30. Bf2 Be7 31. Rg1 Rf8 32. Qe3 Nf5 33. Bxf5 Rxf5 34.
h4 Qb7 35. Qe2 Ke8 36. h5 Qd5 37. Kb1 Qf7 38. Rh1 Rxf2 39. Qe1 Bh4 40. Qd1 Qf3
41. Kc1 Bg5+ 42. Kb1 Qxd1+ 43. Rxd1 Ke7 44. a3 Rh2 45. Rd3 Rxh5 46. Rc3 Kd7 47.
Rg3 Rh1+ 48. Ka2 Bd8 49. Rg7+ Kc6 50. Rg3 Bc7 51. b4 d5 52. Rg6+ Bd6 53. c3 e4
54. Re6 Rh3 55. Kb2 Kd7 56. Rg6 Rh2+ 57. Kc1 e3 58. Rg1 Bf4 59. Re1 Ke6 60. Kd1
Ra2 61. Re2 Rxe2 62. Kxe2 Kf5 63. Kd3 Ke5 64. Ke2 Ke4 65. Ke1 Kd3 66. Kf1 e2+
67. Kf2 Kd2 68. Kf3 e1=Q 69. c4 Qg3# 0-1

[Event "DVM U20w 2014"]
[Site "Naumburg (Saale) GER"]
[Date "2014.12.29"]
[Round "6"]
[White "Hagenbeck-Hübert, Lara"]
[Black "Platonova, Elisaveta"]
[Result "1-0"]
[Termination "normal"]
[Board "4.4"]
[WhiteElo "1512"]
[BlackElo "916"]
[WhiteTeam "SV 1919 Grimma"]
[BlackTeam "Karlsruher SF 1853"]
[PlyCount "65"]
[WhiteFideId "12964484"]
[BlackFideId "16200349"]
[EventCountry "GER"]
[EventRounds "7"]
[EventType "team-swiss"]
[EventDate "2014.12.26"]

1. d4 d5 2. Nf3 Nf6 3. Bf4 e6 4. c4 Be7 5. Nc3 O-O 6. e3 Nbd7 7. Bd3 b6 8. Nb5
Bd6 9. Nxd6 cxd6 10. Bxd6 Re8 11. O-O Ne4 12. Bxe4 dxe4 13. Nd2 Nf6 14. Be5 Bb7
15. b4 Rc8 16. c5 Ba6 17. Re1 Bd3 18. Qa4 Ra8 19. f3 exf3 20. gxf3 Nd7 21. Bg3
e5 22. c6 Nb8 23. Bxe5 Qe7 24. Rac1 h6 25. b5 Qg5+ 26. Kh1 Bf5 27. Rg1 Qxe3 28.
Rxg7+ Kh8 29. Rxf7+ Kg8 30. Rg7+ Kh8 31. Re7+ Kg8 32. Qc4+ Kf8 33. Qf7# 1-0

[Event "DVM U20w 2014"]
[Site "Naumburg (Saale) GER"]
[Date "2014.12.29"]
[Round "6"]
[White "Bachem, Lisa"]
[Black "Halas, Lena"]
[Result "0-1"]
[Termination "normal"]
[Board "5.1"]
[WhiteElo "1457"]
[BlackElo "1656"]
[WhiteTeam "TTC Grün-Weiß Fritzdorf"]
[BlackTeam "USG Chemnitz"]
[PlyCount "116"]
[WhiteFideId "12909912"]
[BlackFideId "12931799"]
[EventCountry "GER"]
[EventRounds "7"]
[EventType "team-swiss"]
[EventDate "2014.12.26"]

1. e4 c6 2. d4 d5 3. exd5 cxd5 4. Nc3 Bf5 5. Bd3 Bxd3 6. Qxd3 Nf6 7. Qb5+ Qd7
8. Qxd7+ Kxd7 9. Bg5 e6 10. Bxf6 gxf6 11. O-O-O Bh6+ 12. Kb1 Nc6 13. Nf3 Rac8
14. a3 Na5 15. Rd3 Nc4 16. Na4 b6 17. h4 Rhg8 18. Rg1 Rg4 19. Rc3 Re4 20. g4
Bf4 21. Ka2 Rg8 22. Rd3 Re2 23. Rg2 Rxc2 24. Kb3 Rc1 25. Nc3 Na5+ 26. Ka2 Bd6
27. Nb5 a6 28. Nxd6 Kxd6 29. g5 Nc4 30. Rb3 b5 31. Rc3 Rxc3 32. bxc3 e5 33.
dxe5+ fxe5 34. Ne1 Nd2 35. f4 Ne4 36. fxe5+ Kxe5 37. Kb2 Rc8 38. Rc2 Kf4 39.
Ng2+ Kf3 40. Ne1+ Kg3 41. Ng2 Rxc3 42. Re2 Kf3 43. Rxe4 dxe4 44. Ne1+ Ke2 45.
Kxc3 Kxe1 46. Kd4 a5 47. Kxe4 b4 48. axb4 axb4 49. Kd3 b3 50. Kc3 b2 51. Kxb2
Kf2 52. Kc3 Kg3 53. h5 Kf4 54. Kd3 Kxg5 55. Ke4 f5+ 56. Kf3 Kxh5 57. Kf4 Kg6
58. Kg3 Kg5 0-1

[Event "DVM U20w 2014"]
[Site "Naumburg (Saale) GER"]
[Date "2014.12.29"]
[Round "6"]
[White "Kluge, Leyla"]
[Black "Sturm, Johanna"]
[Result "1/2-1/2"]
[Termination "normal"]
[Board "5.2"]
[WhiteElo "1625"]
[BlackElo "1635"]
[WhiteTeam "USG Chemnitz"]
[BlackTeam "TTC Grün-Weiß Fritzdorf"]
[PlyCount "95"]
[WhiteFideId "12918172"]
[BlackFideId "12909904"]
[EventCountry "GER"]
[EventRounds "7"]
[EventType "team-swiss"]
[EventDate "2014.12.26"]

1. c4  e5 2. Nc3 Nc6 3. g3 Bc5 4. Bg2 Nf6 5. d3 h6 6. Nf3 d6 7. a3 a6 8. Bd2
O-O 9. Qc2 Nd4 10. Nxd4 Bxd4 11. Rc1 Rb8 12. O-O Be6 13. b4 Qd7 14. Nd5 Ne8 15.
Bc3 Bxd5 16. Bxd5 Bxc3 17. Qxc3 Nf6 18. Bg2 Rfe8 19. c5 dxc5 20. Qxc5 c6 21. a4
Qe7 22. Qc4 Qd7 23. Rfd1 Red8 24. Rb1 Qd4 25. b5 Qxc4 26. dxc4 Rxd1+ 27. Rxd1
axb5 28. cxb5 cxb5 29. axb5 b6 30. Ra1 Nd7 31. Ra7 Nc5 32. Bd5 Rf8 33. Re7 Na4
34. Rxe5 Nc3 35. Bc6 f6 36. Re7 Na4 37. Rb7 Rd8 38. Be4 Nc5 39. Rxb6 Nxe4 40.
Rc6 Nd6 41. b6 Nb7 42. Rc7 Rb8 43. Kg2 Na5 44. Rc5 Nb3 45. Rb5 Nd4 46. Rb2 Nxe2
47. Rxe2 Rxb6 48. Re3 1/2-1/2

[Event "DVM U20w 2014"]
[Site "Naumburg (Saale) GER"]
[Date "2014.12.29"]
[Round "6"]
[White "Schüll, Annika"]
[Black "Oltmanns, Bianca"]
[Result "0-1"]
[Termination "normal"]
[Board "5.3"]
[WhiteElo "1362"]
[BlackElo "1746"]
[WhiteTeam "TTC Grün-Weiß Fritzdorf"]
[BlackTeam "USG Chemnitz"]
[PlyCount "76"]
[WhiteFideId "16200365"]
[BlackFideId "24698008"]
[EventCountry "GER"]
[EventRounds "7"]
[EventType "team-swiss"]
[EventDate "2014.12.26"]

1. e4 e6 2. d4 d5 3. exd5 exd5 4. Nc3 c6 5. Bd3 Bd6 6. Nf3 Bg4 7. h3 Be6 8. Be3
Ne7 9. Qd2 Nd7 10. O-O-O O-O 11. Ne2 Bf5 12. Bxf5 Nxf5 13. g4 Nxe3 14. Qxe3 Re8
15. Qd3 b5 16. Rde1 Qa5 17. Ng5 Nf6 18. Qb3 Bf4+ 19. Kb1 Bxg5 20. Nc3 Bh4 21.
Rxe8+ Rxe8 22. f3 Bf2 23. Rd1 Qb6 24. g5 Nh5 25. Qb4 g6 26. Qd6 Bxd4 27. a3 Ng7
28. Qf4 Be5 29. Qg4 Qe3 30. Rd3 Qf4 31. Qxf4 Bxf4 32. b3 Bxg5 33. Ka2 Re3 34.
Rxe3 Bxe3 35. a4 a6 36. Ka3 Ne6 37. Kb4 Bd2 38. a5 c5+ 0-1

[Event "DVM U20w 2014"]
[Site "Naumburg (Saale) GER"]
[Date "2014.12.29"]
[Round "6"]
[White "Schwendel, Marleen"]
[Black "Heyer, Anne Ricarda"]
[Result "1-0"]
[Termination "normal"]
[Board "5.4"]
[WhiteElo "938"]
[BlackElo "1022"]
[WhiteTeam "USG Chemnitz"]
[BlackTeam "TTC Grün-Weiß Fritzdorf"]
[PlyCount "53"]
[WhiteFideId "16200357"]
[BlackFideId "16200373"]
[EventCountry "GER"]
[EventRounds "7"]
[EventType "team-swiss"]
[EventDate "2014.12.26"]

1. e4  d5 2. exd5 Qxd5 3. d4 Nf6 4. Nc3 Qd6 5. Bc4 c6 6. a4 Bf5 7. Nf3 Bg4 8.
O-O Nbd7 9. Qd3 h6 10. b3 Nb6 11. Ba3 Qc7 12. Ne5 Bh5 13. Bb4 Ng4 14. Nxg4 Bxg4
15. h3 Bh5 16. d5 c5 17. Ba5 Qd6 18. Ne4 Qe5 19. Bb5+ Nd7 20. Nxc5 f6 21. Nxd7
Qf4 22. Nxf6+ Kf7 23. Nxh5 Qe5 24. Qf3+ Kg6 25. Bd3+ Kg5 26. Bd2+ Kh4 27. Qg4#
1-0

[Event "DVM U20w 2014"]
[Site "Naumburg (Saale) GER"]
[Date "2014.12.29"]
[Round "6"]
[White "Baumann, Eva"]
[Black "Eue, Vicky"]
[Result "1/2-1/2"]
[Termination "normal"]
[Board "6.1"]
[WhiteElo "1608"]
[BlackElo "1616"]
[WhiteTeam "SK Münster"]
[BlackTeam "SV "Glück auf" Rüdersdorf"]
[PlyCount "99"]
[WhiteFideId "12998788"]
[BlackFideId "12945838"]
[EventCountry "GER"]
[EventRounds "7"]
[EventType "team-swiss"]
[EventDate "2014.12.26"]

1. e4  e6 2. d4 d5 3. exd5 exd5 4. c3 Nf6 5. Nf3 Bg4 6. Bd3 Bd6 7. O-O O-O 8.
Bg5 h6 9. Bh4 c6 10. Nbd2 Nbd7 11. Qb3 Qc7 12. Rfe1 Rfe8 13. c4 a5 14. a3 a4
15. Rxe8+ Nxe8 16. Qc2 Nef6 17. Re1 dxc4 18. Bxc4 b5 19. Ba2 Bh5 20. Bg3 Bg6
21. Qc3 Nb6 22. Bxd6 Qxd6 23. Ne5 Re8 24. Ndf3 Nbd5 25. Qxc6 Qxc6 26. Nxc6
Rxe1+ 27. Nxe1 Kf8 28. Ne5 Bh7 29. f3 Ke7 30. Kf2 Bf5 31. N1d3 Bxd3 32. Nxd3
Nc7 33. g3 Nfd5 34. Ke2 f6 35. Nc5 Nb6 36. Kd3 Kd6 37. Ne4+ Kc6 38. Nc3 Kd6 39.
g4 Nd7 40. Ke4 Nf8 41. Bb1 Nfe6 42. Bd3 Ng5+ 43. Ke3 Kc6 44. h4 Nge6 45. d5+
Nxd5+ 46. Nxd5 Kxd5 47. Bxb5 Nc5 48. f4 g5 49. hxg5 hxg5 50. f5 1/2-1/2

[Event "DVM U20w 2014"]
[Site "Naumburg (Saale) GER"]
[Date "2014.12.29"]
[Round "6"]
[White "Reyher, Susan"]
[Black "van Lindt, Chiara"]
[Result "1/2-1/2"]
[Termination "normal"]
[Board "6.2"]
[WhiteElo "1667"]
[BlackElo "1507"]
[WhiteTeam "SV "Glück auf" Rüdersdorf"]
[BlackTeam "SK Münster"]
[PlyCount "68"]
[WhiteFideId "24686107"]
[BlackFideId "12966762"]
[EventCountry "GER"]
[EventRounds "7"]
[EventType "team-swiss"]
[EventDate "2014.12.26"]

1. e4  c6 2. d4 d5 3. Nc3 dxe4 4. Nxe4 Nd7 5. Nf3 Ngf6 6. Ng3 Qc7 7. Bc4 e6 8.
O-O Bd6 9. Re1 O-O 10. Ng5 Re8 11. Qf3 Nb6 12. Bb3 h6 13. Nh3 Qd8 14. Nf4 Nbd5
15. c3 Bc7 16. Nd3 a5 17. Ne5 a4 18. Bxd5 cxd5 19. Nh5 Bxe5 20. dxe5 Nxh5 21.
Qxh5 Qe7 22. Qg4 Kh8 23. Re3 Rg8 24. Rh3 Kh7 25. Qh5 Qf8 26. Qf3 Bd7 27. Bd2 a3
28. bxa3 Rxa3 29. Bc1 Ra8 30. a3 Bc6 31. Rb1 Ra4 32. Rb4 Rxb4 33. axb4 Bd7 34.
Qd3+ Kh8 1/2-1/2